000 00502nam a2200169Ia 4500
001 23642
003 IN-NITTTR
005 20251114233305.0
008 251113s9999||||xx |||||||||||||| ||eng||
040 _beng
040 _cIN-NITTTR
041 _aeng
082 _a371.1023 S19E
100 _aSahota, Sarwan Singh
245 0 _aEffectiveness of instructional processes as perceived by students and teachers of three year diploma in instrument technology. /
_cSahota, Sarwan Singh
942 _2ddc
_cBK
999 _c26271
_d26271